| 000 | 01509nam a2200121Ia 4500 | ||
|---|---|---|---|
| 008 | 220615s9999||||xx |||||||||||||| ||und|| | ||
| 245 | 0 | _aSustainable High Volume Road and Rail Transport in Low Income Countries | |
| 546 | _aEnglish[eng] | ||
| 650 | _acapability plan||low-income countries||railways||railway technical strategy||South Asia||Sub-Saharan Africa||sustainability||low-carbon transport||sustainable mobility||climate change strategies||transport policy||Paris Agreement||gender||transport||accessibility||smart city||smart mobility||low- and middle-income countries||transport corridor||transport infrastructure||transport development impacts||wider economic benefits||corridor management||transport costs||passenger and freight||road and railway||Low Income Countries||road||materials||recycling||non-conventional||risk||design||partnering||ageing||disability||mobility||older people||poverty||urban||children||Africa||Asia||youth voice||school||work||road safety||under-reporting||best practices||vulnerable groups||injury severity||road crash costing||crash data||capacity building||people with disabilities||inclusive transport||high volume transport||accessible transport||accessible road and rail infrastructure||efficient transport services||transport corridors||green transport||low carbon transport||disability and mobility||gender disparity | ||
| 700 | _aBurrow, Michael||Ghataora, Gurmel||Thompson, Bruce||Obika, Bernard | ||
| 856 | _uhttps://mdpi.com/books/pdfview/book/3300 | ||
| 942 | _cEB | ||
| 999 |
_c8747 _d8747 |
||